| 000 | 00999pam a2200301 a 4500 | ||
|---|---|---|---|
| 001 | 4379458 | ||
| 003 | OSt | ||
| 005 | 20211124103953.0 | ||
| 008 | 910830s1992 njua b 001 0 eng | ||
| 010 | _a 91030503 | ||
| 020 | _a9788120312814 | ||
| 038 | _aKhadija | ||
| 040 |
_aDLC _cDLC _dDLC |
||
| 050 | 0 | 0 |
_aHB615 _b.H65 2010 |
| 082 | 0 | 0 |
_a658.4 _220 _bHOL |
| 100 | 1 |
_aHolt, David H. _984977 |
|
| 245 | 1 | 0 |
_aEntrepreneurship : _bnew venture creation / _cDavid H. Holt. |
| 260 |
_aEnglewood Cliffs, N.J. : _bPrentice Hall, _cc2010. |
||
| 300 |
_axx, 553 p. : _bill. ; _c24 cm. |
||
| 504 | _aIncludes bibliographical references (p. 480-481) and index. | ||
| 563 | _aPB | ||
| 650 | 0 |
_aEntrepreneurship. _984978 |
|
| 650 | 0 |
_aVenture capital. _984979 |
|
| 650 | 0 |
_aNew business enterprises. _984980 |
|
| 906 |
_a7 _bcbc _corignew _d1 _eocip _f19 _gy-gencatlg |
||
| 942 |
_2ddc _cBK |
||
| 999 |
_c33312 _d33312 |
||